Markets (Record no. 83929)

MARC details
000 -LEADER
fixed length control field 01042cab a22001935a 4500
001 - CONTROL NUMBER
control field L155905
008 - FIXED-LENGTH DATA ELEMENTS--GENERAL INFORMATION
fixed length control field 120420e2012 xxk 000 0 eng d
035 ## - SYSTEM CONTROL NUMBER
System control number (Sirsi) u155905
041 0# - LANGUAGE CODE
Language code of text/sound track or separate title eng
100 1# - MAIN ENTRY--PERSONAL NAME
Personal name Watson, Stuart
245 00 - TITLE STATEMENT
Title Markets
Remainder of title ports, airports and rail freight
260 ## - PUBLICATION, DISTRIBUTION, ETC.
Date of publication, distribution, etc. 2012
490 #0 - SERIES STATEMENT
Series statement Property Week
Volume/sequential designation 78(16) 20 April 2012, 45-50(4)
520 ## - SUMMARY, ETC.
Summary, etc. CBRE is working with an unnamed developer to launch a rail freight development fund to invest in rail-linked distribution schemes in the south-east and Midlands. Manston airport's proposed sale could bring much-needed investment to east Kent. Bids will be submitted in April for the development of 365 acres of agricultural land south of Edinburgh airport. Kilbride Group is aiming to develop major rail freight interchange in the Midlands. Homes and Communities Agency seeks to turn the former Royal Naval Air Station at Lee-on-Solent into a specialist aviation and engineering hub.
590 ## - LOCAL NOTE (RLIN)
Local note KA
651 #4 - SUBJECT ADDED ENTRY--GEOGRAPHIC NAME
Geographic name England
700 1# - ADDED ENTRY--PERSONAL NAME
Personal name Smith, Nick
942 ## - ADDED ENTRY ELEMENTS (KOHA)
Suppress in OPAC 0
Holdings
Withdrawn status Lost status Source of classification or shelving scheme Damaged status Not for loan Home library Current library Shelving location Date acquired Total Checkouts Full call number Barcode Date last seen Price effective from Koha item type
    Dewey Decimal Classification     London London Journal article 20/04/2012   L155905 155905-1001 06/08/2019 06/08/2019 Journal